| 000 | 01051nab a2200229 i 4500 | ||
|---|---|---|---|
| 001 | 768714001 | ||
| 003 | CO-MdFUSB | ||
| 005 | 20240529151623.0 | ||
| 008 | 240529t1972 ag ||||| |||| 00| 0 spa d | ||
| 040 |
_bspa _cCO-MdFUSB _dCO-MdFUSB |
||
| 041 | _aspa | ||
| 100 |
_aGrau, José _d1931-2014 _eautor |
||
| 245 |
_aGoza de la vida con la mujer que amas _c/ José Grau |
||
| 520 | _aEn la Revelación que Dios ha hecho de sí mismo -nо en la deformación que nosotros hemos llevado a cabo de su carácter y de su mensaje-, da a conocer su preocupación por la felicidad del ser humano en todas las esferas de la existencia. Y como no podía ser de otra manera, también en la esfera de las relaciones hombre-mujer. | ||
| 650 | 7 |
_aParejas _9301 |
|
| 650 | 7 |
_aAmor _9366 |
|
| 650 | 7 |
_aHombres _xConducta sexual _97142 |
|
| 650 | 0 |
_aBiblia _916 |
|
| 773 | 0 |
_069974 _982716 _dBuenos Aires _oR2608 _tCerteza _w(CO-MdFUSB)768714001 _gNúmero 47, (1972) páginas: 216 - 217 _qpágina: 216 |
|
| 942 | _cANA | ||
| 945 | _aCatherine Arias Álvarez - Practicante SENA | ||
| 999 |
_c69976 _d69976 |
||